Automatizované systémy riadenia v ZO praktikum

Na minha lista:
Detalhes bibliográficos
Autor principal: Michník, Ľubomír
Autor Corporativo: Vysoká škola ekonomická v Bratislave. Obchodná fakulta
Formato: Livro
Idioma:eslovaco
Publicado em: Bratislava Vysoká škola ekonomická 1986
Tags: Adicionar Tag
Sem tags, seja o primeiro a adicionar uma tag!

MARC

LEADER 00000nam a2200000 4500
001 c105748
005 20230116092150.8
041 0 |a slo 
044 |a SK 
245 1 0 |a Automatizované systémy riadenia v ZO  |b praktikum  |c Ľubomír Michník 
264 1 |a Bratislava  |b Vysoká škola ekonomická  |c 1986 
300 |a 135 s. 
100 1 |a Michník, Ľubomír 
710 2 |a Vysoká škola ekonomická v Bratislave. Obchodná fakulta